| 000 | 00698cab a2200205 4500 | ||
|---|---|---|---|
| 001 | WB3510-02 | ||
| 008 | 090401t1993 xxu||||| |||| 00| 0 eng d | ||
| 035 | _a(Sirsi) u92019 | ||
| 041 | _aeng | ||
| 245 | _aDispute resolution alternative | ||
| 260 | _c1993 | ||
| 350 | _a0 | ||
| 490 |
_aContract Journal _v397(6216) 10 March 1993, 6(1) |
||
| 650 | _aALTERNATIVE DISPUTE RESOLUTION | ||
| 650 | _aMANAGEMENT-DISPUTE AVOIDANCE, MANAGEMENT AND RESOLUTION-DISPUTE MANAGEMENT AND RESOLUTION-ARBITRATION | ||
| 650 | _aCONSTRUCTION COMPANIES | ||
| 690 | _aMANAGEMENT-DISPUTE AVOIDANCE, MANAGEMENT AND RESOLUTION-DISPUTE MANAGEMENT AND RESOLUTION-ARBITRATION | ||
| 942 | _n0 | ||
| 948 | _c12/03/1999 | ||
| 999 |
_c58356 _d58356 |
||